Top 10 cities in pomeranian voiv. (km²) najwieksze miasta w pomorskim - Statistics

General Stats
  • This quiz has been taken 42 times
  • The average score is 6 of 10
Answer Stats
Hint Answer % Correct
683 km² Gdańsk
100%
391 km² Gdynia
97%
43,1 km²​ Słupsk
81%
32,8 km² Tczew
70%
20,3 km² Wejherowo
65%
22,6 km² Malbork
57%
26,7 km² Starogard Gdański
54%
25,5 km² Kwidzyn
41%
21,8 km² Puck
35%
22,3 km² Nowy Dwór Gdański
30%
No matching quizzes found
Score Distribution
Percent of People with Each Score
Percentile by Number Answered
Your Score History
You have not taken this quiz